000 00856nam a2200241 i 4500
001 62952
003 ES-MaACL
005 20230906164746.0
007 t|
008 031127s1978 sp |||| | spa d
100 1 _aFernández de la Cuesta, Ismael.
_949666
245 1 4 _aLos tratados de canto llano de Spañon, Martínez de Bizcargui y Molina /
_cIsmael Fernández de la Cuesta.
260 _aMadrid :
_bJoyas Bibliográficas,
_c1978.
300 _a112 p. ;
_c25 cm.
490 1 _aViejos libros de música
505 8 _aApéndice: ;
_tLas más antiguas imprentas musicales hispanas /
_rCarlos Romero de Lecea (p. 67-102)
650 4 _aCanto gregoriano.
_910754
700 1 _aRomero de Lecea, Carlos.
_999371
830 0 _aViejos libros de música
_9182867
852 _aES-MaACL
_jA-9781
852 _aES-MaACL
_jA-9931
999 _c62952
_d62952